000 01200nam a2200241Ia 4500
999 _c51679
_d51679
001 18670
003 GE_BSU
005 20210415131253.0
008 181216s2014||||ge |||||||||||||| ||geo||
040 _cGE_BSU
041 _ageo
080 _a54 დ-43
100 _aდიასამიძე, მზია
_911390
245 _aგვარი Rubus L. (Rubus caucasicus Focke, Rubus Hirtus W. et K, Rubus saxatilis L.) /
_cმზია დიასამიძე; მეცნ. ხელმძღვ. ა.კალანდია; ბათუმის შოთა რუსთაველის სახ-ფო უნ-ტი.
264 _aბათუმი,
_c2014.
300 _a168 გვ. ;
_b30 სმ.
653 _aბიოორგანული ქიმია
653 _aგვარი Rubus L. (Rubus caucasicus Focke, Rubus Hirtus W. et K, Rubus saxatilis L.)
653 _aდისერტაცია
700 _aკალანდია, ა.
_eსამეცნიერო ხელმძღვანელი
_910752
710 _aბათუმის შოთა რუსთაველის სახ-ფო უნ-ტი.
_911391
942 _cBK
_2udc